000
00299nam a2200109 a 4500
005
20140408090020.0
008
030603s19uu xx 00 eng d
050
_a
PHS '00
_b
T15 #43b
100
_a
Tan, Charles Cedric
245
_a
Perception and effects of pornography among teenagers.
942
_c
PASS
999
_c
96266
_d
96266